Electric and electronic circuit simulation using TINA-TI℗ /

A circuit simulator is a computer program that permits us to see circuit behavior, i.e. circuit voltages and currents, without making the circuit. Use of a circuit simulator is a cheap, efficient, and safe way to study the behavior of circuits. The Toolkit for Interactive Network Analysis (TINA℗ʼ) i...

Full description

Bibliographic Details
Main Author: Asadi, Farzin (Author)
Corporate Author: Taylor & Francis
Format: eBook
Language:English
Published: [United States] : River Publishers, [2022]
Series:River Publishers series in circuits and systems.
Subjects:
Online Access:Connect to the full text of this electronic book

MARC

Tag First Indicator Second Indicator Subfields
LEADER 00000cam a2200000 i 4500
001 in00005522913
006 m o d
007 cr cnu|||unuuu
008 220606s2022 xxu o 000 0 eng d
005 20241108165732.1
035 |a (OCoLC)on1324241732 
040 |a IEEEE  |b eng  |e rda  |e pn  |c IEEEE  |d OCLCF  |d TYFRS  |d OCLCQ  |d SFB  |d OCLCQ  |d OCLCO  |d OCLCQ 
020 |a 9788770226851  |q (electronic bk.) 
020 |a 8770226857  |q (electronic bk.) 
020 |a 9781003332794  |q (electronic bk.) 
020 |a 100333279X  |q (electronic bk.) 
020 |a 9781000773514  |q (electronic bk. : EPUB) 
020 |a 1000773515  |q (electronic bk. : EPUB) 
020 |a 9781000773460  |q (electronic bk. : PDF) 
020 |a 1000773469  |q (electronic bk. : PDF) 
020 |z 9788770226868 
024 7 |a 10.1201/9781003332794  |2 doi 
035 |a (OCoLC)1324241732 
037 |a 9761049  |b IEEE 
037 |a 9781003332794  |b Taylor & Francis 
050 4 |a TK7867 
072 7 |a SCI  |x 024000  |2 bisacsh 
072 7 |a TEC  |x 007000  |2 bisacsh 
072 7 |a TEC  |x 008010  |2 bisacsh 
072 7 |a TJFC  |2 bicssc 
082 0 4 |a 621.38150285  |2 23/eng/20220606 
049 |a TXAM 
100 1 |a Asadi, Farzin,  |e author. 
245 1 0 |a Electric and electronic circuit simulation using TINA-TI℗ /  |c Farzin Asadi. 
264 1 |a [United States] :  |b River Publishers,  |c [2022] 
264 4 |c ©2022 
300 |a 1 online resource. 
336 |a text  |b txt  |2 rdacontent 
337 |a computer  |b c  |2 rdamedia 
338 |a online resource  |b cr  |2 rdacarrier 
490 1 |a River Publishers series in circuits and systems. 
520 |a A circuit simulator is a computer program that permits us to see circuit behavior, i.e. circuit voltages and currents, without making the circuit. Use of a circuit simulator is a cheap, efficient, and safe way to study the behavior of circuits. The Toolkit for Interactive Network Analysis (TINA℗ʼ) is a powerful yet affordable SPICE based circuit simulation and PCB design software package for analyzing, designing, and real time testing of analog, digital, VHDL, MCU, and mixed electronic circuits and their PCB layouts. This software was created by DesignSoft. TINA-TI is a spinoff software program that was designed by Texas Instruments (TI℗ʼ) in cooperation with DesignSoft which incorporates a library of pre-made TI components to for the user to utilize in their designs. This book shows how a circuit can be analyzed in the TINA-TI℗ʼ environment. Students of engineering (for instance, electrical, biomedical, mechatronics and robotics to name a few), engineers who work in industry and anyone who want to learn the art of circuit simulation with TINA-TI can benefit from this book. 
505 0 |a Preface xi List of Tables xiii 1 Simulation of Electric Circuits with TINA-TI℗ʼ 1 1.1 Introduction 1 1.2 Installation of TINA-TI 1 1.3 Version of Software 7 1.4 Example 1: Simple Resistive Voltage Divider 7 1.5 Example 2: Volt Meter and Ampere Meter Blocks 34 1.6 Example 3: Open Circuit and Current Arrow Blocks 39 1.7 Example 4: RLC Circuit with Non-zero Initial Condition 41 1.8 Example 5: Exporting the Obtained Waveforms as a Graphical File 62 1.9 Example 6: Exporting the Obtained Waveforms as Text File 63 1.10 Example 7: RLC Circuit with Zero Initial Condition 66 1.11 Example 8: Initial Condition Blocks 72 1.12 Example 9: Importing the TINA-TI Analysis Result into MATLAB℗ʼ 76 1.13 Example 10: Measurement of Phase Difference 84 1.14 Example 11: Power Meter Block 89 1.15 Example 12: Drawing the Instantaneous Power Waveform (I) 93 1.16 Example 13: Drawing the Instantaneous Power Waveform (II) 99 1.17 Example 14: Ohm Meter block (I) 114 1.18 Example 15: Ohm Meter Block (II) 117 1.19 Example 16: Thevenin Equivalent Circuit 121 1.20 Example 17: Measurement of Thevenin Resistance 129 1.21 Example 18: Current Controlled Voltage Source 131 1.22 Example 19: Voltage Controlled Current Sources Block 134 1.23 Example 20: Switch Block 138 1.24 Example 21: Three Phase Source 143 1.25 Example 22: Jumper Block 145 1.26 Example 23: Coupled Inductors 151 1.27 Example 24: Transformer 159 1.28 Example 25: Unit Impulse Response of Electric Circuits 165 1.29 Example 26: Unit Step Response of Circuits 170 1.30 Example 27: Frequency Response of Electric Circuits (I) 174 1.31 Example 28: Frequency Response of Electric Circuits (II) 180 1.32 Example 29: Input Impedance of Electric Circuits 185 1.33 Example 30: Drawing the Input Impedance of Electric Circuits 189 1.34 Example 31: Phasor Analysis 192 1.35 Example 32: Parameter Sweep Analysis 197 1.36 Exercises 207 References 210 2 Simulation of Electronic Circuits with TINA-TI℗ʼ 211 2.1 Introduction 211 2.2 Example 1: Half Wave Rectifier 211 2.3 Example 2: Measurement of Average and RMS Values of Waveforms 216 2.4 Example 3: Harmonic Content of Waveforms 222 2.5 Example 4: Fourier Analysis 228 2.6 Example 5: Converting a Waveform into Sound 231 2.7 Example 6: DC Transfer Characteristics (I) 231 2.8 Example 7: DC Transfer Characteristics (II) 234 2.9 Example 8: DC Transfer Characteristics (III) 237 2.10 Example 9: Temperature Analysis 240 2.11 Example 10: Addition of SPICE Models to TINA-TI℗ʼ 244 2.12 Example 11: Switching Behavior of Diodes 250 2.13 Example 12: Small Signal AC Resistance of Diodes 257 2.14 Example 13: Full Wave Rectifier (I) 262 2.15 Example 14: Full Wave Rectifier (II) 272 2.16 Example 15: Controlled Rectifier 284 2.17 Example 16: Measurement of Operating Point of Common Emitter Amplifier 305 2.18 Example 17: Measurement of Voltage Gain for Common Emitter Amplifier 313 2.19 Example 18: Total Harmonic Distortion (THD) of Common Emitter 317 2.20 Example 19: THD of Common Emitter Amplifier (II) 322 2.21 Example 20: Frequency Response of Common Emitter Amplifier (I) 325 2.22 Example 21: Frequency Response of Common Emitter Amplifier (II) 332 2.23 Example 22: Input Impedance of Common Emitter Amplifier 336 2.24 Example 23: Output Impedance of Common Emitter Amplifier 351 2.25 Example 24: Measurement of Input/Output Impedance with Ohm Meter Block 352 2.26 Example 25: Modeling a Custom Bipolar Transistor 355 2.27 Example 26: Modeling a Custom Field Effect Transistor 357 2.28 Example 27: Generating the List of Circuit Components 358 2.29 Example 28: Non Inverting op amp Amplifier 359 2.30 Example 29: Stability of op amp Amplifiers 371 2.31 Example 30: Measurement of DC Operating Point 382 2.32 Example 31: Measurement of Common Mode Rejection Ratio (CMRR) 386 2.33 Example 32: Astable Oscillator 397 2.34 Example 33: Buck Converter 403 2.35 Example 34: Operating Mode of Converter 417 2.36 Example 35: Generating a Pulse with Desired Duty Cycle 422 2.37 Exercises 436 References 439 Index 439 About the Author 441. 
588 0 |a Title details screen. 
545 0 |a Farzin Asadi has a BSc in Electronics Engineering, MSc in Control Engineering, and PhD in Mechatronics Engineering. Currently, he is with the Department of Electrical and Electronics Engineering at Maltepe University, Istanbul, Turkey. Dr. Asadi has published more than 40 international papers and 15 books. He is also on the editorial board of 7 scientific journals. His research interests include switching converters, control theory, robust control of power electronics converters, and robotics. 
650 0 |a Electronic circuits  |x Computer simulation. 
650 6 |a Circuits électroniques  |x Simulation par ordinateur. 
650 7 |a SCIENCE / Energy  |2 bisacsh 
650 7 |a TECHNOLOGY / Electricity  |2 bisacsh 
650 7 |a TECHNOLOGY / Electronics / Circuits / General  |2 bisacsh 
650 7 |a Electronic circuits  |x Computer simulation  |2 fast 
655 7 |a Electronic books.  |2 local 
710 2 |a Taylor & Francis. 
830 0 |a River Publishers series in circuits and systems. 
856 4 0 |u http://proxy.library.tamu.edu/login?url=https://www.taylorfrancis.com/books/9781003332794  |z Connect to the full text of this electronic book  |t 0 
955 |a Taylor and Francis ENGnetBASE 
994 |a 92  |b TXA 
999 f f |s 81493f54-7602-4779-ad3c-150468e3ef70  |i 57fa4a2e-a8a3-4ace-9c85-37b86ccc65ca  |t 0 
952 f f |a Texas A&M University  |b College Station  |c Electronic Resources  |d Available Online  |t 0  |e TK7867   |h Library of Congress classification 
998 f f |a TK7867   |t 0  |l Available Online